Donde nadie
Novela corta, ganadora del V premio internacional Diario Jaén de novela corta.
Kaydedildi:
| Yazar: | |
|---|---|
| Materyal Türü: | Bilinmiyor |
| Dil: | Spanish |
| Baskı/Yayın Bilgisi: |
España
Diario Jaén
2023
|
| Edisyon: | Primera edición |
| Konular: | |
| Etiketler: |
Etiketle
Etiket eklenmemiş, İlk siz ekleyin!
|
MARC
| LEADER | 00000 a2200000 4500 | ||
|---|---|---|---|
| 008 | 190614b ||||| |||| 00| 0 spa d | ||
| 020 | |a 978-84-09-55527-7 | ||
| 040 | |a cru BVZT | ||
| 090 | |a 868 V-14d | ||
| 100 | |a Villalobos Villalobos, Carlos Manuel |9 2010 | ||
| 245 | |a Donde nadie |c / Carlos Manuel Villalobos Villalobos | ||
| 250 | |a Primera edición | ||
| 260 | |a España |b Diario Jaén |c 2023 | ||
| 300 | |a 56 páginas | ||
| 520 | |a Novela corta, ganadora del V premio internacional Diario Jaén de novela corta. | ||
| 650 | |a LITERATURA COSTARRICENSE |9 17 | ||
| 650 | |a NOVELA |9 13 | ||
| 942 | |c 15 D |h 868 V-14d |i 1823CO |2 z |6 868_V14D_1823CO | ||
| 999 | |c 31097 |d 31097 | ||



